الدليل العصري للمتحف المصري / al-Dalīl al-ʻaṣrī lil-Matḥaf al-Miṣrī

محفوظ في:

المؤلف الرئيسي: Georges Daressy.

مؤلفون آخرون: Anṭūn Zakrī.

التنسيق: كتاب

اللغة: Undetermined

منشور في: matbaeat aleamira matbaeat aleamira 1921

الوسوم: إضافة وسم

لا توجد وسوم, كن أول من يضع وسما على هذه التسجيلة!

رقم الطلب: A75 DARS

LEADER 00441nam a2200133Ia 4500
008 240404s9999||||xx |||||||||||||| ||und||
050 4 |a A75 DARS 
100 1 |a Georges Daressy. 
245 1 0 |a الدليل العصري للمتحف المصري / al-Dalīl al-ʻaṣrī lil-Matḥaf al-Miṣrī   |c Georges Daressy 
264 1 |a matbaeat aleamira  |b matbaeat aleamira  |c 1921 
300 |a 89  |c 19 
700 1 |a Anṭūn Zakrī. 
942 |2 lcc  |c BK 
999 |c 58166  |d 58166